| 000 | 01061nam a2200205Ii 4500 | ||
|---|---|---|---|
| 003 | JO-AjNU | ||
| 008 | 230605s9999||||xx |||||||||||||| ||und|| | ||
| 020 | _a978-9953-78-303-1 | ||
| 040 |
_aJO-AjNU _bara _erda _cJO-AjNU |
||
| 041 | _aara | ||
| 050 | 1 | 4 | _aCB53.D8712 2010 |
| 100 | 3 |
_aديورانت، ول وايريل؛ ترجمة: زكي نجيب محمود, _eauthor _960414 |
|
| 245 | 0 | 0 | _aقصة الحضارة: الشرق الاقصى اليابان حياة اليونان، ج5-6، مجلد1، الجزء الخامس، المجلد الثاني، الجزء الاول |
| 264 | 3 | 1 | _aبيروت،تونس: دار الجيل للنشر والطباعة والتوزيع،المنظمة العربية للتربية والثقافة والعلوم، 2010 |
| 300 | _aج5-6، مجلد1، الجزء الخامس، المجلد الثاني، الجزء الاول: ترقيم متعدد | ||
| 336 |
_atext _btxt _2rdacontent |
||
| 337 |
_aunmediated _bn _2rdamedia |
||
| 338 |
_avolume _bnc _2rdacarrier |
||
| 650 | 4 |
_aالحضارة-تاريخ _960415 |
|
| 999 |
_aA27241 _c30809 _d30809 |
||